000 00567nam a2200157Ia 4500
008 231217s9999 xx 000 0 und d
041 _aEnglish
082 _a574.19245 DUR;5
100 _aDurbin, Richard Eddy, Sean R Krogh, Andres etc
245 0 _aBiological sequence analysis probabilistic models of proteins and nucleic acids
260 _c1998
_bPress Syndicate of the University of Cambridge
_aCambridge
300 _axi+356
500 _aContent page available
650 _aBiological,sequence,probabilistic,models,proteins,nucleic,acids
942 _cAA
999 _c172011
_d172011